| 000 | 00920 a2200217 4500 | ||
|---|---|---|---|
| 001 | 63502 | ||
| 005 | 20260407155932.0 | ||
| 008 | 260407a1968 arg spa d | ||
| 003 | AR-UNSa-BCEJYS | ||
| 040 |
_aAR-UNSa-BCEJYS _bspa _cAR-UNSa-BCEJYS |
||
| 080 |
_a510.22 _xTeoría de conjuntos. Aproximación a la teoría de conjuntos |
||
| 245 | 1 | 0 | _aTeoría axiomatica de conjuntos |
| 264 | 1 |
_aCali : _bNorma _c1968 |
|
| 300 |
_avii, 171 p. _c26 cm. |
||
| 505 | _a1. Introducción - 2. Desarrollos generales - 3. Relaciones y funciones - 4. Equipotencia, conjuntos finitos y números cardinales - 5. Ordinales finitos y conjuntos enumerables - 6. Números racionales y números reales - 7. Inducción transfinita y aritmética ordinal - 8. El axioma de escogencia - | ||
| 041 | _aspa | ||
| 942 | _cBK | ||
| 590 | _aniveau_biblio:m niveau_hierar:0 | ||
| 100 | 1 | _aSuppes, Patrick | |
| 700 | 1 | _aAlfonso Castillo, Hernando | |
| 999 |
_c8194 _d8194 |
||